| 000 | 00359nam a22001577a 4500 | ||
|---|---|---|---|
| 005 | 20170916114632.0 | ||
| 008 | 170916b xxu||||| |||| 00| 0 eng d | ||
| 020 | _a978-93-5000-186-8 | ||
| 041 | _aeng | ||
| 082 | _a302.2 | ||
| 100 |
_aDHAWAN, MADHU _93928 |
||
| 245 | _aVIGYAPAN KALA | ||
| 260 |
_aDELHI _bHITKARI PRAKASHAN |
||
| 300 | _a107p. | ||
| 942 | _cBK | ||
| 999 |
_c5572 _d5570 |
||